01438nam a2200361Ia 4500001001200000003000800012006001900020007001500039008004100054010001700095020001500112020001800127020001800145040002100163035002100184050002300205082001800228245013200246260004900378300003500427490004500462504005100507533015200558650004100710650003700751655002900788700002800817700002500845710001700870830004600887856012600933999001701059ebr10659055CaPaEBRm u cr cn|||||||||090420s2009 nyua sb 001 0 eng d z 2009016556 z1607413477 z9781607413479 z9781614700906 aCaPaEBRcCaPaEBR a(OCoLC)75774536914aRA651b.I54 2009eb04a362.196/922300aInfectious disease modelling research progressh[electronic resource] /cJean Michel Tchuenche and Christinah Chiyaka, editors. aNew York :bNova Science Publishers,cc2009. ax, 272 p. :bill. (some col.).1 aPublic health in the 21st century series aIncludes bibliographical references and index. aElectronic reproduction.bPalo Alto, Calif. :cebrary,d2013.nAvailable via World Wide Web.nAccess may be limited to ebrary affiliated libraries. 0aCommunicable diseasesxEpidemiology. 0aCommunicable diseasesxResearch. 7aElectronic books.2local1 aTchuenche, Jean Michel.1 aChiyaka, Christinah.2 aebrary, Inc. 0aPublic health in the 21st century series.40uhttp://site.ebrary.com/lib/rucke/Doc?id=10659055zAn electronic book accessible through the World Wide Web; click to view c64462d64462